00425nam a2200181Ia 4500008004100000020001800041050001600059100001800075245003500093245002100128260001500149260001600164260000900180300001600189300002000205300001000225500000800235170918s9999 xx 000 0 und d a9780545356619 bF233ea 1994 aFarmer, Nancy 4aThe ear, the eye and the arm / cby Nancy Farmer. aNew York : bScholastic, c1994 a311 pages : billustrations ; c19cm. a660